000 00445nam a2200181Ia 4500
001 23989
005 20260414151014.0
008 260414t2018||||xx |||||||||||||| ||spa||
041 _aESP
082 _a741.5985
_bF89
100 _aFuentes, Hélard
_eAUT
245 0 _aMarco Aurelio Denegri :
_bde la palabra al pincel
260 _c2018
300 _a152 páginas :
_c28 cm.
650 _aABD
654 _aCAU
942 _cLIB
_dJUS
_fJUS
_2ddc
_n
999 _c23989
_d23989